Comparative resistance of cement-bonded rubberwood particleboard, rubberwood medium density fibreboard, rubberwood and radiata pine to microfungi and subterranean termite attack (Record no. 47885)

MARC details
000 -LEADER
fixed length control field 00575nam a2200133Ia 4500
100 ## - MAIN ENTRY--AUTHOR NAME
Personal name Wong A H H
245 #0 - TITLE STATEMENT
Title Comparative resistance of cement-bonded rubberwood particleboard, rubberwood medium density fibreboard, rubberwood and radiata pine to microfungi and subterranean termite attack
260 ## - PUBLICATION, DISTRIBUTION, ETC. (IMPRINT)
Name of publisher In: Proceedings of a Workshop on Wood-Cement Composites in the Asia Pacific Region, 10th December 2000, Canberra, Australia, pp. 72
500 ## - GENERAL NOTE
General note CAB CD 2002
700 ## - ADDED ENTRY--PERSONAL NAME
Personal name Chee A L
700 ## - ADDED ENTRY--PERSONAL NAME
Personal name Evans P D
942 ## - ADDED ENTRY ELEMENTS (KOHA)
Koha item type Bibliography RLWO
Holdings
Withdrawn status Lost status Damaged status Not for loan Home library Current library Date acquired Koha item type
      Bibliography RRII Library RRII Library 31/12/2021 Bibliography RLWO